000
00270nam a2200097Ia 4500
005
20250424112856.0
008
250424s9999 xx 000 0 und d
300
_a
87-177 p. : ill. ; 30 cm.
650
_a
Mining engineering--Periodicals. Geology--Periodicals.
942
_c
SR
999
_c
37649
_d
37649